000 00357nam a22001337a 4500
008 180730b xxu||||| |||| 00| 0 eng d
082 _a813.52
245 _aElectronic Classroom Manager to Accompany Medical Terminology for Health Professions
_cEhrlich,A
260 _c2005
300 _a1
_fCD
440 _x1401860281
760 _b5th
942 _2ddc
_cMX
999 _c46673
_d46673